| 000 | 00988nam a2200253 a 4500 | ||
|---|---|---|---|
| 001 | 000027122 | ||
| 005 | 20250204073952.0 | ||
| 008 | 110329s1982 dr 000 0 spa d | ||
| 040 |
_aDO-SdBNP _bspa _cBNPHU |
||
| 082 |
_a923.27293 _bD812J |
||
| 245 | 0 | 1 |
_aJuan Pablo Duarte : _bescritos / _crecopilación Mariano Lebrón Saviñón ; prólogo Pedro Troncoso Sánchez. |
| 260 |
_aSanto Domingo : _bPublicaciones ONAP, _c1982. |
||
| 300 |
_axiii, 129 p. : _b21 cm. |
||
| 490 | 1 |
_aEnsayos _v6 |
|
| 500 | _aIncluye notas al pie de las páginas | ||
| 500 | _aIncluye bibliografía y notas al final de capítulos | ||
| 590 | _aInventariado, 2020/BT | ||
| 600 | 1 | 0 |
_aDuarte, Juan Pablo, _d1813-1876 _91494 |
| 651 | 4 |
_aRepública Dominicana _xHistoria _y1844-1930 _xFuentes _938423 |
|
| 700 | 1 |
_aLebrón Saviñon, Mariano _d1922-2014 _ecomp. _97227 |
|
| 700 | 1 |
_aTroncoso Sánchez, Pedro, _d1904-1989 _epról. _923599 |
|
| 830 | 0 |
_aEnsayos _v6 _911110 |
|
| 910 | _aValidado. Control de calidad EMS | ||
| 999 |
_c26614 _d26614 |
||